Agricultural policy and institutional reforms in Thailand : (Record no. 22253)

000 -LEADER
fixed length control field 00678cam a2200193 i 4500
020 ## - INTERNATIONAL STANDARD BOOK NUMBER
ISBN 18132316
040 ## - CATALOGING SOURCE
Transcribing agency DLC
082 ## - DEWEY DECIMAL CLASSIFICATION NUMBER
Classification number AGR BUN 2017 C326 Or.
100 0# - MAIN ENTRY--AUTHOR NAME
Personal name Nipon Poapongsakorn,
245 10 - TITLE STATEMENT
Title Agricultural policy and institutional reforms in Thailand :
Remainder of title experiences, impacts, and lessons /
250 ## - EDITION STATEMENT
Edition statement 2nd edition.
300 ## - PHYSICAL DESCRIPTION
Number of Pages xviii, 81 pages ;
Dimensions 26 cm.
Other physical details 2017.
490 0# - SERIES STATEMENT
Series statement Southeast Asian agriculture and development primer series,
650 #0 - SUBJECT ADDED ENTRY--TOPICAL TERM
Topical Term Agriculture and state
650 #0 - SUBJECT ADDED ENTRY--TOPICAL TERM
Topical Term Agricultural innovations
700 0# - ADDED ENTRY--PERSONAL NAME
Personal name Isriya Nitithanprapas Bunyasiri,
710 2# - ADDED ENTRY--CORPORATE NAME
Corporate name or jurisdiction name as entry element SEAMEO Regional Center for Graduate Study and Research in Agriculture,
942 ## - ADDED ENTRY ELEMENTS (KOHA)
Koha item type ADB
952 ## - LOCATION AND ITEM INFORMATION (KOHA)
Withdrawn status [LOCAL, KOHA] 0
Holdings
Permanent Location Date acquired Koha item type Lost status Shelving location Barcode Current Location Full call number
Library Block C2023-11-24ADB C326a074880Library Block CAGR BUN 2017 C326 Or.
មជ្ឈមណ្ឌលឯការនៃសាកលវិទ្យាល័យភូមិន្ទកសិកម្មចំការដូង

Powered by Koha